| 000 | 00538nam a2200181Ia 4500 | ||
|---|---|---|---|
| 003 | GCL | ||
| 008 | 140319s9999 xx 000 0 ara d | ||
| 040 |
_aGCL / _cGCL |
||
| 082 | 0 | 4 |
_a349.01 _bم م |
| 245 | 1 | 0 | _aمفهوم افكار العدالة |
| 260 |
_a[S.N] : _bمكتبه النهضه المصريه ، _c1986 |
||
| 300 | _a126 ص | ||
| 490 |
_aسلسلة الكتب القانونية _v0 |
||
| 650 | 0 | 4 | _aالقانون |
| 650 | 0 | 4 | _aالقانون الدولى |
| 650 | 0 | 4 | _aالقانون المقارن |
| 942 |
_2ddc _cBK |
||
| 999 |
_c44483 _d44483 |
||